Personnages de Game of Thrones (GOT) - Mort subite - Statistiques

Statistiques générales
  • Ce quiz a été pris 5 805 fois
  • Le résultat moyen est 9 sur 15
Answers on the Grid
Answers color-coded by a green-red scale on the quiz's grid according to % correct below.
Eddard Stark
Arya Targaryen
Petyr Baelish
Jeor Mormont
Joffrey Tully
Jorys Greenwood
Lysa Arryn
Henry Petygros
Euron Greyjoy
Varus Darkin
Mirey Matyeu
Robert Snow
Brynden Tully
Brienne de Rhodes
Ramsey Bolton
Aemon Targaryen
Georges Windsor
Henry Lancastre
Gregor Clegane
Sansa Martell
Meryn Trant
Margaery Tyrell
Lancel Lannister
Samwell Tarly
Renly Stark
Tomis de Savis
Robert Baratheon
Bigus Dickus
Joe Baratheon
Theon Greyjoy
 
Statistiques - réponses
Réponse % Correct
Robert Baratheon
71%
Theon Greyjoy
71%
Eddard Stark
70%
Ramsey Bolton
68%
Margaery Tyrell
67%
Petyr Baelish
66%
Aemon Targaryen
63%
Lysa Arryn
63%
Samwell Tarly
63%
Gregor Clegane
62%
Euron Greyjoy
59%
Lancel Lannister
58%
Meryn Trant
49%
Jeor Mormont
48%
Brynden Tully
34%
Aucun quiz correspondant
Distribution des résultats
% des personnes avec chaque résultat
Percentile par nombre de réponses
Votre historique - résultats
Vous n’avez pas pris ce quiz